00559 2200217 4500001002100000005001500021035002000036008004100056100001100097245004500108250001300153300003200166020001800198082000800216084001800224084001800242260003800260650001700298990001300315990001300328INLIS00000000000879820251223025826 a0010-0123000339241212 g 0 ind  aJumari1 aTeknik tanam sayur tanpa tanah /cJumari acet.2021 aviii, 104 halaman ;c21 cm. a9786020862880 a635 a635 JUM t C.1 a635 JUM t C.2 ayogyakarta :bIstana Media,c2017 4aHortikultura a022.1473 a022.1474